000 00486nam a2200157Ia 4500
008 230718s9999 xx 000 0 und d
041 _aeng
082 _a005.72
_bVER
100 _aVerens K.
245 _aJQuery 1.3 With PHP
_bEnhance Your PHP Applications By Increasing Their Responsiveness Through JQuery And Its Plugins
260 _c2010
_bPackt Pub.
300 _a230
365 _cRs.
_b350.00
700 _aVerens K.
906 _dO:0074117-Mar-2010B:668622-Feb-2010
_cCOMP
_b70
999 _c324524
_d324524